| 000 | 00346nam a2200145Ia 4500 | ||
|---|---|---|---|
| 008 | 200103s9999||||xx |||||||||||||| ||und|| | ||
| 020 | _a0553349473, | ||
| 040 | _aIMU-MPC | ||
| 082 | _aColumn-17 | ||
| 100 | _aWoram, John | ||
| 245 | 4 | _aThe PC Configuration Handbook | |
| 260 |
_bBantam Books, Toronto _c1990 |
||
| 300 | _axxv, 729 | ||
| 942 | _cBK | ||
| 999 |
_c6122 _d6122 |
||